LEADER 01018nam a2200229 i 4500 001 000000211182 003 CaOOAMICUS 005 20160308000000.0 008 160308s1992 it u000 u ita u 013 $a189995 040 $aSeMil$bita 100 1 $aZucca, Michela.$0(OLS)http://semarc/name/75479 245 10$aCognomi vegetali italiani :$bi Porri di Montesolaro-Appiano /$cMichela Zucca, G. Moreno Vazzoler. 260 $aMilano :$bCentro culturale Le colonne,$cstampa 1992. 300 $a56 p. :$bill. ;$c24 cm. 650 4$aOnomastica - Cognomi - Italia.$0(OLS)http://semarc/subject/39648 700 1 $aVazzoler, Giuseppe Moreno.$0(OLS)http://semarc/name/17073 850 $aSeMil 852 $aSeMil$W1$xVenegono$y1$m3P II 349$j161625$B161625$CSeMilBibl$Z2$F210531 $81 961 $aLascito: Calori don Carlo 996 $6245$aCognomi vegetali italiani :$bi Porri di Montesolaro-Appiano$9(OLS)http://semarc/title/305104 996 $6260$aMilano :$bCentro culturale Le colonne$9(OLS)http://semarc/publisher/52544 LEADER 00944nam a2200253 i 4500 001 000000069665 003 CaOOAMICUS 005 20211020105010.0 008 071113s1967 it u000 u ita u 013 $a40837 040 $aSeMil$bita 100 1 $aCamus, Albert,$d<1913-1960>.$0(OLS)http://semarc/name/4358 240 13$aLa peste.$0(OLS)http://semarc/title/437564 245 13$aLa peste /$cRomanzo di Albert Camus. 264 1$aMilano :$bBompiani,$c1967. 300 $a295 p. ;$c21 cm. 490 1 $aI delfini : i pił famosi libri moderni 830 2$aI delfini : i pił famosi libri moderni.$0(OLS)http://semarc/title/7393 850 $aSeMil 852 $aSeMil$W1$xVenegono$y1$m1T II 72$j236592$B35818$CSeMilBibl$Z2$F35821 $81 961 $aRecupero: Altro 996 $6245$aLa peste$9(OLS)http://semarc/title/111592 996 $6264$aMilano :$bBompiani$9(OLS)http://semarc/publisher/29706